00353nam a2200133Ia 4500008004100000100002000041245005500061250000600116260005500122260000900177300000800186365000600194999001900200151001s9999||||xx |||||||||||||| ||und|| aK. E. Priestely aWorkers of china  a1 bDragon books  c1993 a145 b9 c954004d954001